000 00895nam a2200301 a 4500
001 vtls000810862
003 NLI
005 20210627054106.0
008 110331s1999 ii 001 0 eng
020 _a140392287X :
_cRs. 950.00
039 9 _y201103311651
_zVargis_01
040 _aNLI
_beng
_cVergis_S
_eAACR2
041 0 _aeng
044 _aii
082 0 4 _a658.5
245 0 0 _aSupply chain management for global competitiveness /
_ced. by B. S. Sahay
260 _aNew Delhi :
_bMacmillan,
_cc1999
300 _axvi, 736 p. ;
_c25 cm.
500 _aIncludes index
650 0 _aBusiness logistics
_9768144
650 0 _aIndustrial management
_9679042
700 1 _aSahay, B. S.,
_4edt
_9780734
887 _a
901 _aDB93840 ;
_b4.8.2004
902 _aE/O 658.5 Su 76 s
949 _AVIRTUAITEM
_D10000
_X100
_6DBA000093840ENG
942 _2ddc
_cBKS
999 _aVIRTUA
_c658317
_d658317